領袖的養成 Ling xiu de yang cheng {ch}= (Record no. 343)
[ view plain ]
| 000 -LEADER | |
|---|---|
| fixed length control field | 01114nam a2200325Ia 4500 |
| 001 - CONTROL NUMBER | |
| control field | ocn733068505 |
| 003 - CONTROL NUMBER IDENTIFIER | |
| control field | C-11023 |
| 005 - DATE AND TIME OF LATEST TRANSACTION | |
| control field | 20140520104821.0 |
| 008 - FIXED-LENGTH DATA ELEMENTS--GENERAL INFORMATION | |
| fixed length control field | 110627s2011 ch b 000 0 chi d |
| 020 ## - INTERNATIONAL STANDARD BOOK NUMBER | |
| International Standard Book Number | 9789862770214 |
| Terms of availability | Php500.53 |
| 020 ## - INTERNATIONAL STANDARD BOOK NUMBER | |
| International Standard Book Number | 986277021X |
| 040 ## - CATALOGING SOURCE | |
| Original cataloging agency | LGV |
| Transcribing agency | LGV |
| 041 1# - LANGUAGE CODE | |
| Language code of text/sound track or separate title | chi |
| Language code of original and/or intermediate translations of text | eng |
| 049 ## - LOCAL HOLDINGS (OCLC) | |
| Holding library | LGVC |
| 100 1# - MAIN ENTRY--PERSONAL NAME | |
| Personal name | Clinton, J. Robert. |
| 9 (RLIN) | 2270 |
| 240 10 - UNIFORM TITLE | |
| Uniform title | Making of a leader. |
| Language of a work | Chinese |
| 245 10 - TITLE STATEMENT | |
| Title | 領袖的養成 Ling xiu de yang cheng {ch}= |
| Remainder of title | The making of a leader / |
| Statement of responsibility, etc | 甘陵敦 = Dr. J. Robert Clinton 著; 劉如菁譯. |
| 250 ## - EDITION STATEMENT | |
| Edition statement | 初版. |
| 260 ## - PUBLICATION, DISTRIBUTION, ETC. (IMPRINT) | |
| Place of publication, distribution, etc | 臺北市 : |
| Name of publisher, distributor, etc | 天恩出版社, |
| Date of publication, distribution, etc | 2011. |
| 300 ## - PHYSICAL DESCRIPTION | |
| Extent | xi, 299 p. ; |
| Dimensions | 21 cm. |
| 490 0# - SERIES STATEMENT | |
| Series statement | 管理叢書 Guan li cong shu. |
| 500 ## - GENERAL NOTE | |
| General note | Translation of: The making of a leader / by J. Robert Clinton; Colorado Springs, Colo. : NavPress, 1988. |
| 500 ## - GENERAL NOTE | |
| General note | 書末附錄 : 關於領袖遴選的一些觀察. |
| 504 ## - BIBLIOGRAPHY, ETC. NOTE | |
| Bibliography, etc | Includes bibliographical references (p. 295-299). |
| 650 #0 - SUBJECT ADDED ENTRY--TOPICAL TERM | |
| Topical term or geographic name as entry element | Christian leadership {ch}. |
| 9 (RLIN) | 2271 |
| 700 1# - ADDED ENTRY--PERSONAL NAME | |
| Personal name | 劉如菁. |
| 9 (RLIN) | 2272 |
| 541 ## - IMMEDIATE SOURCE OF ACQUISITION NOTE | |
| Accession number | C-11023 |
| 541 ## - IMMEDIATE SOURCE OF ACQUISITION NOTE | |
| Accession number | C-11024 |
| 942 ## - ADDED ENTRY ELEMENTS (KOHA) | |
| Source of classification or shelving scheme | Library of Congress Classification |
| Item type | Books |
| Withdrawn status | Lost status | Source of classification or shelving scheme | Damaged status | Not for loan | Home library | Current library | Shelving location | Date acquired | Source of acquisition | Accession number | Total Checkouts | Full call number | Barcode | Date last seen | Price effective from | Koha item type | Cost, normal purchase price | Copy number |
|---|---|---|---|---|---|---|---|---|---|---|---|---|---|---|---|---|---|---|
| Library of Congress Classification | BSOP Library | BSOP Library | Chinese Books (General Circulation) | 07/24/2012 | Pustaka Su Fes | C-11023 | BV652.1 C61m 2011 | 00042609 | 02/23/2013 | 02/23/2013 | Books | |||||||
| Library of Congress Classification | BSOP Library | BSOP Library | Chinese Books (General Circulation) | 07/24/2012 | Pustaka Su fes | C-11024 | BV652.1 C61m 2011 | 00042608 | 02/23/2013 | 02/23/2013 | Books | 500.53 | c.2 |
